|
|
|
|
| LEADER |
00000nam0a2200000 4500 |
| 001 |
145984 |
| 005 |
20231101221208.0 |
| 020 |
|
|
|a RU
|b 88-158
|
| 035 |
|
|
|a (RuTPU)RU\TPU\book\158237
|
| 090 |
|
|
|a 145984
|
| 100 |
|
|
|a 20081024d1987 k y0rusy5003 ca
|
| 101 |
0 |
|
|a rus
|
| 102 |
|
|
|a RU
|
| 105 |
|
|
|a y z 001zy
|
| 200 |
1 |
|
|a Вторичная номинация в современном английском языке
|e межвузовский сборник научных трудов
|f Пятигорский государственный педагогический институт иностранных языков; под ред. Б. В. Пупченко
|
| 210 |
|
|
|a Пятигорск
|c ПГПИИЯ
|d 1987
|
| 215 |
|
|
|a 199 с.
|
| 320 |
|
|
|a Библиогр. в конце статей
|
| 610 |
1 |
|
|a лингвистика
|
| 610 |
1 |
|
|a номинация
|
| 610 |
1 |
|
|a английский язык
|
| 610 |
1 |
|
|a ономасиология
|
| 610 |
1 |
|
|a неологизмы
|
| 686 |
|
|
|a Ш143.21-3
|2 rubbk
|
| 702 |
|
1 |
|a Пупченко
|b Б. В.
|4 340
|
| 712 |
0 |
2 |
|a Пятигорский государственный педагогический институт иностранных языков
|2 stltpush
|3 (RuTPU)RU\TPU\col\13962
|9 25836
|
| 801 |
|
0 |
|a RU
|b RuMRKP
|c 19950417
|g psbo
|
| 801 |
|
1 |
|a RU
|b 63413507
|c 20081024
|g PSBO
|
| 801 |
|
2 |
|a RU
|b 63413507
|c 20090129
|g PSBO
|
| 942 |
|
|
|c BK
|